000
00357nam a22001577a 4500
003
MPLRDC
005
20220104113741.0
008
210129b ||||| |||| 00| 0 eng d
082
_a
857.7 YQ v.69
100
_a
严沁
245
_a
千山万水
_c
260
_a
_b
小说创作社
_c
300
_b
平
650
_a
长篇小说
942
_c
BK
_o
857.7 YQ v.69
999
_c
2066
_d
2056